<?xml version="1.0" encoding="UTF-8"?>
<collection xmlns="http://www.loc.gov/MARC21/slim">
 <record>
  <leader>03016aam a22003618a 4500</leader>
  <controlfield tag="001">NCT_24243</controlfield>
  <controlfield tag="008">160713s2016                  ||||||viesd</controlfield>
  <datafield tag="999" ind1=" " ind2=" ">
   <subfield code="c">1150</subfield>
   <subfield code="d">1150</subfield>
  </datafield>
  <datafield tag="020" ind1=" " ind2=" ">
   <subfield code="c">76000</subfield>
  </datafield>
  <datafield tag="082" ind1="0" ind2="4">
   <subfield code="2">23rd ed.</subfield>
   <subfield code="a">658.1511</subfield>
   <subfield code="b">D557</subfield>
  </datafield>
  <datafield tag="100" ind1="1" ind2=" ">
   <subfield code="a">Phạm Văn Dược</subfield>
  </datafield>
  <datafield tag="245" ind1="1" ind2="0">
   <subfield code="a">Bài tập và bài giải kế toán quản trị</subfield>
   <subfield code="c">Phạm Văn Dược, Đặng Kim Cương</subfield>
  </datafield>
  <datafield tag="250" ind1=" " ind2=" ">
   <subfield code="a">Tái bản lần thứ nhất</subfield>
  </datafield>
  <datafield tag="260" ind1=" " ind2=" ">
   <subfield code="a">H.</subfield>
   <subfield code="b">Thống kê</subfield>
   <subfield code="c">2008</subfield>
  </datafield>
  <datafield tag="300" ind1=" " ind2=" ">
   <subfield code="a">342 tr.</subfield>
   <subfield code="c">24cm </subfield>
  </datafield>
  <datafield tag="520" ind1="3" ind2=" ">
   <subfield code="a">Tổng quan về kế toán quản trị, phân loại chi phí, phương pháp tính chi phí theo công việc, theo quá trình. Mối quan hệ chi phí - khối lượng - lợi nhuận, định giá sản phẩm,... Có các bài tập kèm lời giải</subfield>
  </datafield>
  <datafield tag="653" ind1=" " ind2=" ">
   <subfield code="a">Kế toán</subfield>
  </datafield>
  <datafield tag="700" ind1="1" ind2=" ">
   <subfield code="a">Đặng Kim Cương</subfield>
  </datafield>
  <datafield tag="942" ind1=" " ind2=" ">
   <subfield code="2">ddc</subfield>
   <subfield code="c">BK</subfield>
  </datafield>
  <datafield tag="952" ind1=" " ind2=" ">
   <subfield code="0">0</subfield>
   <subfield code="1">0</subfield>
   <subfield code="2">ddc</subfield>
   <subfield code="4">0</subfield>
   <subfield code="6">658_151100000000000_D557</subfield>
   <subfield code="7">0</subfield>
   <subfield code="9">9891</subfield>
   <subfield code="a">000001</subfield>
   <subfield code="b">000001</subfield>
   <subfield code="d">2018-06-08</subfield>
   <subfield code="o">658.1511 D557</subfield>
   <subfield code="p">MD.07597</subfield>
   <subfield code="r">2018-06-08</subfield>
   <subfield code="v">76000.00</subfield>
   <subfield code="w">2018-06-08</subfield>
   <subfield code="y">BK</subfield>
  </datafield>
  <datafield tag="952" ind1=" " ind2=" ">
   <subfield code="0">0</subfield>
   <subfield code="1">0</subfield>
   <subfield code="2">ddc</subfield>
   <subfield code="4">0</subfield>
   <subfield code="6">658_151100000000000_D557</subfield>
   <subfield code="7">0</subfield>
   <subfield code="9">9892</subfield>
   <subfield code="a">000001</subfield>
   <subfield code="b">000001</subfield>
   <subfield code="d">2018-06-08</subfield>
   <subfield code="o">658.1511 D557</subfield>
   <subfield code="p">MD.07598</subfield>
   <subfield code="r">2018-06-08</subfield>
   <subfield code="v">76000.00</subfield>
   <subfield code="w">2018-06-08</subfield>
   <subfield code="y">BK</subfield>
  </datafield>
  <datafield tag="952" ind1=" " ind2=" ">
   <subfield code="0">0</subfield>
   <subfield code="1">0</subfield>
   <subfield code="2">ddc</subfield>
   <subfield code="4">0</subfield>
   <subfield code="6">658_151100000000000_D557</subfield>
   <subfield code="7">0</subfield>
   <subfield code="9">9893</subfield>
   <subfield code="a">000001</subfield>
   <subfield code="b">000001</subfield>
   <subfield code="d">2018-06-08</subfield>
   <subfield code="o">658.1511 D557</subfield>
   <subfield code="p">MD.07599</subfield>
   <subfield code="r">2018-06-08</subfield>
   <subfield code="v">76000.00</subfield>
   <subfield code="w">2018-06-08</subfield>
   <subfield code="y">BK</subfield>
  </datafield>
  <datafield tag="952" ind1=" " ind2=" ">
   <subfield code="0">0</subfield>
   <subfield code="1">0</subfield>
   <subfield code="2">ddc</subfield>
   <subfield code="4">0</subfield>
   <subfield code="6">658_151100000000000_D557</subfield>
   <subfield code="7">0</subfield>
   <subfield code="9">9894</subfield>
   <subfield code="a">000001</subfield>
   <subfield code="b">000001</subfield>
   <subfield code="d">2018-06-08</subfield>
   <subfield code="o">658.1511 D557</subfield>
   <subfield code="p">MD.07600</subfield>
   <subfield code="r">2018-06-08</subfield>
   <subfield code="v">76000.00</subfield>
   <subfield code="w">2018-06-08</subfield>
   <subfield code="y">BK</subfield>
  </datafield>
  <datafield tag="952" ind1=" " ind2=" ">
   <subfield code="0">0</subfield>
   <subfield code="1">0</subfield>
   <subfield code="2">ddc</subfield>
   <subfield code="4">0</subfield>
   <subfield code="6">658_151100000000000_D557</subfield>
   <subfield code="7">0</subfield>
   <subfield code="9">9895</subfield>
   <subfield code="a">000001</subfield>
   <subfield code="b">000001</subfield>
   <subfield code="d">2018-06-08</subfield>
   <subfield code="o">658.1511 D557</subfield>
   <subfield code="p">MD.07601</subfield>
   <subfield code="r">2018-06-08</subfield>
   <subfield code="v">76000.00</subfield>
   <subfield code="w">2018-06-08</subfield>
   <subfield code="y">BK</subfield>
  </datafield>
  <datafield tag="952" ind1=" " ind2=" ">
   <subfield code="0">0</subfield>
   <subfield code="1">0</subfield>
   <subfield code="2">ddc</subfield>
   <subfield code="4">0</subfield>
   <subfield code="6">658_151100000000000_D557</subfield>
   <subfield code="7">0</subfield>
   <subfield code="9">9896</subfield>
   <subfield code="a">000001</subfield>
   <subfield code="b">000001</subfield>
   <subfield code="d">2018-06-08</subfield>
   <subfield code="o">658.1511 D557</subfield>
   <subfield code="p">MD.07602</subfield>
   <subfield code="r">2018-06-08</subfield>
   <subfield code="v">76000.00</subfield>
   <subfield code="w">2018-06-08</subfield>
   <subfield code="y">BK</subfield>
  </datafield>
  <datafield tag="952" ind1=" " ind2=" ">
   <subfield code="0">0</subfield>
   <subfield code="1">0</subfield>
   <subfield code="2">ddc</subfield>
   <subfield code="4">0</subfield>
   <subfield code="6">658_151100000000000_D557</subfield>
   <subfield code="7">0</subfield>
   <subfield code="9">9897</subfield>
   <subfield code="a">000001</subfield>
   <subfield code="b">000001</subfield>
   <subfield code="d">2018-06-08</subfield>
   <subfield code="o">658.1511 D557</subfield>
   <subfield code="p">MD.07603</subfield>
   <subfield code="r">2018-06-08</subfield>
   <subfield code="v">76000.00</subfield>
   <subfield code="w">2018-06-08</subfield>
   <subfield code="y">BK</subfield>
  </datafield>
  <datafield tag="952" ind1=" " ind2=" ">
   <subfield code="0">0</subfield>
   <subfield code="1">0</subfield>
   <subfield code="2">ddc</subfield>
   <subfield code="4">0</subfield>
   <subfield code="6">658_151100000000000_D557</subfield>
   <subfield code="7">0</subfield>
   <subfield code="9">9898</subfield>
   <subfield code="a">000001</subfield>
   <subfield code="b">000001</subfield>
   <subfield code="d">2018-06-08</subfield>
   <subfield code="l">1</subfield>
   <subfield code="o">658.1511 D557</subfield>
   <subfield code="p">MD.07604</subfield>
   <subfield code="q">2022-03-02</subfield>
   <subfield code="r">2022-02-16</subfield>
   <subfield code="s">2022-02-16</subfield>
   <subfield code="v">76000.00</subfield>
   <subfield code="w">2018-06-08</subfield>
   <subfield code="y">BK</subfield>
  </datafield>
  <datafield tag="952" ind1=" " ind2=" ">
   <subfield code="0">0</subfield>
   <subfield code="1">0</subfield>
   <subfield code="2">ddc</subfield>
   <subfield code="4">0</subfield>
   <subfield code="6">658_151100000000000_D557</subfield>
   <subfield code="7">0</subfield>
   <subfield code="9">9899</subfield>
   <subfield code="a">000001</subfield>
   <subfield code="b">000001</subfield>
   <subfield code="d">2018-06-08</subfield>
   <subfield code="o">658.1511 D557</subfield>
   <subfield code="p">MD.07605</subfield>
   <subfield code="r">2018-06-08</subfield>
   <subfield code="v">76000.00</subfield>
   <subfield code="w">2018-06-08</subfield>
   <subfield code="y">BK</subfield>
  </datafield>
  <datafield tag="952" ind1=" " ind2=" ">
   <subfield code="0">0</subfield>
   <subfield code="1">0</subfield>
   <subfield code="2">ddc</subfield>
   <subfield code="4">0</subfield>
   <subfield code="6">658_151100000000000_D557</subfield>
   <subfield code="7">0</subfield>
   <subfield code="9">10005</subfield>
   <subfield code="a">000001</subfield>
   <subfield code="b">000001</subfield>
   <subfield code="d">2018-06-08</subfield>
   <subfield code="o">658.1511 D557</subfield>
   <subfield code="p">MD.07475</subfield>
   <subfield code="r">2018-06-08</subfield>
   <subfield code="v">76000.00</subfield>
   <subfield code="w">2018-06-08</subfield>
   <subfield code="y">BK</subfield>
  </datafield>
  <datafield tag="952" ind1=" " ind2=" ">
   <subfield code="0">0</subfield>
   <subfield code="1">0</subfield>
   <subfield code="2">ddc</subfield>
   <subfield code="4">0</subfield>
   <subfield code="6">658_151100000000000_D557</subfield>
   <subfield code="7">0</subfield>
   <subfield code="9">10006</subfield>
   <subfield code="a">000001</subfield>
   <subfield code="b">000001</subfield>
   <subfield code="d">2018-06-08</subfield>
   <subfield code="o">658.1511 D557</subfield>
   <subfield code="p">MD.07476</subfield>
   <subfield code="r">2018-06-08</subfield>
   <subfield code="v">76000.00</subfield>
   <subfield code="w">2018-06-08</subfield>
   <subfield code="y">BK</subfield>
  </datafield>
  <datafield tag="952" ind1=" " ind2=" ">
   <subfield code="0">0</subfield>
   <subfield code="1">0</subfield>
   <subfield code="2">ddc</subfield>
   <subfield code="4">0</subfield>
   <subfield code="6">658_151100000000000_D557</subfield>
   <subfield code="7">0</subfield>
   <subfield code="9">10007</subfield>
   <subfield code="a">000001</subfield>
   <subfield code="b">000001</subfield>
   <subfield code="d">2018-06-08</subfield>
   <subfield code="o">658.1511 D557</subfield>
   <subfield code="p">MD.07477</subfield>
   <subfield code="r">2018-06-08</subfield>
   <subfield code="v">76000.00</subfield>
   <subfield code="w">2018-06-08</subfield>
   <subfield code="y">BK</subfield>
  </datafield>
  <datafield tag="952" ind1=" " ind2=" ">
   <subfield code="0">0</subfield>
   <subfield code="1">0</subfield>
   <subfield code="2">ddc</subfield>
   <subfield code="4">0</subfield>
   <subfield code="6">658_151100000000000_D557</subfield>
   <subfield code="7">0</subfield>
   <subfield code="9">10008</subfield>
   <subfield code="a">000001</subfield>
   <subfield code="b">000001</subfield>
   <subfield code="d">2018-06-08</subfield>
   <subfield code="o">658.1511 D557</subfield>
   <subfield code="p">MD.07478</subfield>
   <subfield code="r">2018-06-08</subfield>
   <subfield code="v">76000.00</subfield>
   <subfield code="w">2018-06-08</subfield>
   <subfield code="y">BK</subfield>
  </datafield>
  <datafield tag="980" ind1=" " ind2=" ">
   <subfield code="a">Thư viện Trường Đại học Nam Cần Thơ</subfield>
  </datafield>
 </record>
</collection>
